|
|
|
|
| LEADER |
00000nam0a2200000 4500 |
| 001 |
234470 |
| 005 |
20231101231326.0 |
| 010 |
|
|
|a 9785238024240
|
| 035 |
|
|
|a (RuTPU)RU\TPU\book\255594
|
| 090 |
|
|
|a 234470
|
| 100 |
|
|
|a 20130326d2013 m y0rusy50 ca
|
| 101 |
0 |
|
|a rus
|
| 102 |
|
|
|a RU
|
| 105 |
|
|
|a y j 001zy
|
| 200 |
1 |
|
|a Экологический аудит
|e теория и практика
|e учебник для вузов
|f под ред. И. М. Потравного
|
| 210 |
|
|
|a Москва
|c ЮНИТИ
|d 2013
|
| 215 |
|
|
|a 583 с.
|
| 225 |
1 |
|
|a Magister
|
| 320 |
|
|
|a Библиогр.: с. 576-579.
|
| 330 |
|
|
|a Рассмотрены новые концептуальные положения, нормативные правовые документы, механизмы, методика и процедуры по применению экологического аудита в управлении экономикой. Изложены тенденции и закономерности применения экологического аудита, проанализированы современные направления и формы его использования. Впервые дан комплексный анализ отечественной и зарубежной практики экологического аудита в целях развития «зеленой» экономики и обеспечения экологических стандартов жизни населения. Для студентов, аспирантов и преподавателей вузов, научных и практических работников сферы экологического управления, специалистов природоохранных служб предприятий и системы государственного управления.
|
| 606 |
1 |
|
|a Экологический аудит
|2 stltpush
|3 (RuTPU)RU\TPU\subj\27838
|9 51527
|
| 610 |
1 |
|
|a учебники
|
| 610 |
1 |
|
|a природопользование
|
| 610 |
1 |
|
|a управление
|
| 610 |
1 |
|
|a окружающая среда
|
| 610 |
1 |
|
|a охрана
|
| 610 |
1 |
|
|a нормативно-правовое обеспечение
|
| 610 |
1 |
|
|a теоретико-методологические основы
|
| 610 |
1 |
|
|a информационное обеспечение
|
| 610 |
1 |
|
|a кадры
|
| 610 |
1 |
|
|a подготовка
|
| 610 |
1 |
|
|a экоаудиторы
|
| 610 |
1 |
|
|a экоаудиторские организации
|
| 610 |
1 |
|
|a практическое применение
|
| 675 |
|
|
|a 502.34(075.8)
|v 3
|
| 702 |
|
1 |
|a Потравный
|b И. М.
|4 340
|
| 801 |
|
1 |
|a RU
|b 63413507
|c 20130326
|
| 801 |
|
2 |
|a RU
|b 63413507
|c 20150630
|g RCR
|
| 900 |
|
|
|a Экологическое инспектирование и аудит
|
| 900 |
|
|
|a Экологический мониторинг
|
| 942 |
|
|
|c BK
|
| 955 |
|
|
|l 8
|
| 959 |
|
|
|a 35/20130213
|d 2
|e 700,00
|f АНЛ:1
|